Contribution à l'étude géologique du bassin sédimentaire côtier du Dahomey etdu Togo (Record no. 44240)
[ view plain ]
| 000 -LEADER | |
|---|---|
| fixed length control field | 00657 a2200229 4500 |
| 037 ## - SOURCE OF ACQUISITION | |
| Stock number | L. 5000 |
| 100 ## - VEDETTE PRINCIPALE - NOM DE PERSONNE | |
| Personal name | Slansky, Maurice |
| 100 ## - VEDETTE PRINCIPALE - NOM DE PERSONNE | |
| Language of a work | Fr. |
| 260 ## - PUBLICATION, DISTRIBUTION, ETC. (IMPRINT) | |
| Place of publication, distribution, etc | Paris |
| 260 ## - PUBLICATION, DISTRIBUTION, ETC. (IMPRINT) | |
| Name of publisher, distributor, etc | Technique |
| 245 ## - TITLE STATEMENT | |
| Title | Contribution à l'étude géologique du bassin sédimentaire côtier du Dahomey etdu Togo |
| 260 ## - PUBLICATION, DISTRIBUTION, ETC. (IMPRINT) | |
| Date of publication, distribution, etc | 1962 |
| 300 ## - PHYSICAL DESCRIPTION | |
| Extent | 241p |
| 300 ## - PHYSICAL DESCRIPTION | |
| Other physical details | 27 cm |
| 440 ## - SERIES STATEMENT/ADDED ENTRY--TITLE | |
| Number of part/section of a work | 11 |
| 440 ## - SERIES STATEMENT/ADDED ENTRY--TITLE | |
| Title | Mémoires du bureau de recherches géologiques et minières |
| 630 ## - SUBJECT ADDED ENTRY--UNIFORM TITLE | |
| Uniform title | 55 - Géologie. Sciences géologiques et géophisiques. Mètèologie |
| 650 ## - SUBJECT ADDED ENTRY--TOPICAL TERM | |
| Topical term or geographic name as entry element | 5 - SCIENCE PURE |
| 650 ## - SUBJECT ADDED ENTRY--TOPICAL TERM | |
| Topical term or geographic name as entry element | S&diment : géologie : Dahomey : Togo |
| Withdrawn status | Lost status | Damaged status | Not for loan | Location (home branch) | Sublocation or collection (holding branch) | Date acquired | Koha issues (times borrowed) | Koha full call number | Koha date last seen | Price effective from | Koha item type |
|---|---|---|---|---|---|---|---|---|---|---|---|
| Bibliothèque Universitaire Centrale | Bibliothèque Universitaire Centrale | 28/02/2009 | 552.5 SLA | 28/02/2009 | 28/02/2009 | Livre |